Black Country, New Road Discography - Statistics

General Stats
  • This quiz has been taken 378 times
    132 since last reset
  • The average score is 29 of 36
Answer Stats
Album Song % Correct
Ants from Up There Basketball Shoes
99%
Ants from Up There The Place Where He Inserted the Blade
98%
Ants from Up There Concorde
97%
Ants from Up There Intro
97%
Ants from Up There Snow Globes
97%
Ants from Up There Bread Song
94%
Ants from Up There Chaos Space Marine
94%
Forever Howlong Besties
92%
Ants from Up There Good Will Hunting
92%
Ants from Up There Haldern
92%
For the First Time Sunglasses
91%
Ants from Up There Mark's Theme
90%
For the First Time Track X
90%
Forever Howlong Happy Birthday
88%
For the First Time Athens, France
87%
For the First Time Instrumental
82%
For the First Time Science Fair
82%
Forever Howlong Forever Howlong
81%
For the First Time Opus
81%
Live at Bush Hall Turbines/Pigs
79%
Forever Howlong For the Cold Country
77%
Live at Bush Hall Up Song
77%
Live at Bush Hall Up Song (Reprise)
77%
Forever Howlong Nancy Tries to Take the Night
74%
Forever Howlong Two Horses
74%
Forever Howlong Goodbye (Don't Tell Me)
71%
Forever Howlong Mary
69%
Forever Howlong Socks
69%
Forever Howlong The Big Spin
68%
Live at Bush Hall Dancers
67%
Live at Bush Hall The Boy
66%
Forever Howlong Salem Sisters
65%
Live at Bush Hall Across the Pond Friend
64%
Live at Bush Hall The Wrong Trousers
58%
Live at Bush Hall Laughing Song
56%
Live at Bush Hall I Won't Always Love You
54%
No matching quizzes found
Score Distribution
Percent of People with Each Score
Percentile by Number Answered
Your Score History
You have not taken this quiz since the last reset